000 00427nam a22001577a 4500
005 20231128141152.0
008 231128b |||||||| |||| 00| 0 eng d
041 _aEnglish
082 _a340.1 ATT
100 _aHoward, K
_lEnglish
245 _aAttorneys' Ethics /
_cK Howard
260 _c1994
300 _biv, 59 pages ;
_c30,3 cm.
650 _aLegal practice
_bLaw
942 _cBK
_6ALISON_BN_VRIES
999 _c1021
_d1021